000 02015nam a22002057a 4500
005 20230324092307.0
008 220531b ||||| |||| 00| 0 eng d
020 _a9781617798054
040 _cAL
041 _aeng
082 _223
_a543.5
_bBUJS
100 _aWlodek M Bujalowski
_939827
245 _aSpectroscopic methods of analysis
_b:Methods and protocols
260 _aNew York
_bHumana Press
_c2012
300 _axii,397p.
_bHB
_c26x16cm.
365 _2General
_a945
_b₹10043.00
_c
_d₹12875.11
_e22%
_f19-05-2022
520 _aQuantitative elucidation of structural, energetic and dynamic aspects of macromolecular interactions is indispensable for understanding the functional activities of biomolecules and their interactions. The optical spectroscopic methods are not confined to small molecules or macromolecules but permit the studies of even the largest biological systems in their full splendor, including the living cell. In, Spectroscopic Methods of Analysis: Methods and Protocols, expert researchers in the field detail many of the methods which are now commonly used to study properties of individual macromolecules, their complexes, organelles, and cells, using optical spectroscopic techniques. These include methods and approaches for experimental and theoretical analyses of fluorescence properties of the examined systems, single molecule approaches, electronic absorption, and electro-optical analyses of macromolecular interactions, structures, and dynamics. Written in the highly successful Methods in Molecular Biology(tm) series format, chapters include introductions to their respective topics, lists of the necessary materials and reagents, step-by-step laboratory protocols, and key tips on troubleshooting and avoiding known pitfalls. Authoritative and practical, Spectroscopic Methods of Analysis : Methods and Protocols seeks to aid scientists in the further study of optical spectroscopic methods.
650 _2Chemistry
_aAnalytical chemistry
_939828
942 _2ddc
_cBK
999 _c223171
_d223171